00553nam a22001697a 450000500170000001000160001702000260003303500140005903700130007308200130008610000180009924500800011726000430019727000620024030000260030250500550032820170524150549.0 aENG- 118375 a9788124119099c695.00 aEN-101907 bDBAD/PUB a230.2046 aKumar, Girija aThe mahabharatana eighteen characters in search of drama /c by Girja Kumar aNew DelhibHar-Anand Publicationc2016 aE-49/3, Okhla Industrial Area, Phase-ii, New Delhi-110020 axx,371p.c22cm. (pbk) aV.I- The forefathers: vedavyasa to Yadava Kkrishna